<?xml version="1.0" encoding="UTF-8"?>
<record
    xmlns:xsi="http://www.w3.org/2001/XMLSchema-instance"
    xsi:schemaLocation="http://www.loc.gov/MARC21/slim http://www.loc.gov/standards/marcxml/schema/MARC21slim.xsd"
    xmlns="http://www.loc.gov/MARC21/slim">

  <leader>01186nas a2200373   4500</leader>
  <controlfield tag="001">BR2012006423</controlfield>
  <controlfield tag="003">BR-BrBNA</controlfield>
  <controlfield tag="005">20231205121104.0</controlfield>
  <controlfield tag="007">ta</controlfield>
  <controlfield tag="008">230509b bl.|||p| |||| 00| 00por d</controlfield>
  <datafield tag="040" ind1=" " ind2=" ">
    <subfield code="a">BR-BrBNA</subfield>
    <subfield code="b">por</subfield>
    <subfield code="c">Biblioteca Nacional de Agricultura</subfield>
  </datafield>
  <datafield tag="041" ind1=" " ind2=" ">
    <subfield code="a">(Pt)</subfield>
  </datafield>
  <datafield tag="072" ind1=" " ind2=" ">
    <subfield code="a">L02; L50</subfield>
  </datafield>
  <datafield tag="100" ind1="1" ind2=" ">
    <subfield code="a">Moura, R.S. de</subfield>
  </datafield>
  <datafield tag="100" ind1="1" ind2=" ">
    <subfield code="a">Melo, M.M.</subfield>
  </datafield>
  <datafield tag="100" ind1="1" ind2=" ">
    <subfield code="a">Lana, A.M.Q.</subfield>
  </datafield>
  <datafield tag="100" ind1="1" ind2=" ">
    <subfield code="a">Ver&#xE7;osa J&#xFA;nior, D.</subfield>
  </datafield>
  <datafield tag="100" ind1="1" ind2=" ">
    <subfield code="a">Costa, M.L.L. da</subfield>
  </datafield>
  <datafield tag="100" ind1="1" ind2=" ">
    <subfield code="a">Carvalho, L.E. de</subfield>
  </datafield>
  <datafield tag="100" ind1="1" ind2=" ">
    <subfield code="a">Rezende, H.H.C. de</subfield>
  </datafield>
  <datafield tag="100" ind1="1" ind2=" ">
    <subfield code="a">Rezende, A.S.C. de</subfield>
  </datafield>
  <datafield tag="245" ind1="1" ind2=" ">
    <subfield code="a">Prote&#xED;nas s&#xE9;ricas totais e fracionadas de potros Mangalarga Marchador alimentados com dieta suplementada com probi&#xF3;ticos ou fitase</subfield>
  </datafield>
  <datafield tag="650" ind1=" " ind2=" ">
    <subfield code="a">POTRO</subfield>
  </datafield>
  <datafield tag="650" ind1=" " ind2=" ">
    <subfield code="a">MANGA LARGA</subfield>
  </datafield>
  <datafield tag="650" ind1=" " ind2=" ">
    <subfield code="a">DIETA</subfield>
  </datafield>
  <datafield tag="650" ind1=" " ind2=" ">
    <subfield code="a">ENZIMA</subfield>
  </datafield>
  <datafield tag="650" ind1=" " ind2=" ">
    <subfield code="a">SUPLEMENTO ALIMENTAR</subfield>
  </datafield>
  <datafield tag="650" ind1=" " ind2=" ">
    <subfield code="a">MICRORGANISMO</subfield>
  </datafield>
  <datafield tag="650" ind1=" " ind2=" ">
    <subfield code="a">IMUNOGLOBULINA</subfield>
  </datafield>
  <datafield tag="650" ind1=" " ind2=" ">
    <subfield code="a">AN&#xC1;LISE DE LABORAT&#xD3;RIO</subfield>
  </datafield>
  <datafield tag="773" ind1="0" ind2=" ">
    <subfield code="t">V
Z em Minas. Revista Veterin&#xE1;ria e Zootecnia em Minas (Brazil)</subfield>
    <subfield code="x">ISSN 2179-9482</subfield>
    <subfield code="g">(Apl 2009), v. 28(100)supl. esp. p. 108-110</subfield>
    <subfield code="w">BR2012006423</subfield>
  </datafield>
  <datafield tag="909" ind1=" " ind2=" ">
    <subfield code="a">202311</subfield>
    <subfield code="b">L&#xFA;cia</subfield>
    <subfield code="c">55</subfield>
    <subfield code="d">L&#xFA;cia Elande</subfield>
  </datafield>
  <datafield tag="942" ind1=" " ind2=" ">
    <subfield code="2">AGRIS</subfield>
    <subfield code="n">0</subfield>
    <subfield code="c">ANA</subfield>
  </datafield>
  <datafield tag="999" ind1=" " ind2=" ">
    <subfield code="c">221772</subfield>
    <subfield code="d">221772</subfield>
  </datafield>
  <datafield tag="952" ind1=" " ind2=" ">
    <subfield code="0">0</subfield>
    <subfield code="2">AGRIS</subfield>
    <subfield code="4">0</subfield>
    <subfield code="7">1</subfield>
    <subfield code="a">41918</subfield>
    <subfield code="b">41918</subfield>
    <subfield code="c">Peri&#xF3;dicos Agr&#xED;colas</subfield>
    <subfield code="h">(Apl 2009), v. 28(100)supl. esp. p. 108-110</subfield>
    <subfield code="l">0</subfield>
    <subfield code="r">2023-11-29</subfield>
    <subfield code="t">01</subfield>
    <subfield code="y">CR</subfield>
    <subfield code="e">Portaria Interministerial n&#xBA; 164/94</subfield>
  </datafield>
</record>
